000 00815nam a2200241Ia 4500
003 GCL
008 140319s9999 xx 000 0 ara d
040 _aGCL /
_cGCL
082 0 4 _a338.6
_bج ا
100 1 _aجمال داود سلمان
245 1 0 _aاقتصاديات الاعمال :
_bBUSINESS ECONOMICS /
_cجمال داود سلمان
250 _aالاولى
260 _aسوريا :
_bدار الرضا للنشر ،
_c2003
300 _a97 ص ؛
_c24 سم
490 _aسلسلة الرضا للمعلومات
_v220
650 0 4 _aادارة الاعمال
650 0 4 _aالتسويق
650 0 4 _aالبيع
650 0 4 _aالاحوال الاقتصادية
650 0 4 _aالتنمية الاقتصادية
650 0 4 _aالمشروعات - ضبط التكاليف
942 _2ddc
_cBK
999 _c9952
_d9952